000 00657nam a2200181Ia 4500
008 090123s9999 xx 000 0 und d
082 _b38556
100 _aचंदनशिवे शहाजीकुमार
245 _aबाजार माणसांचा
250 _a0
260 _bप्रा. डॉ. इंगोले कृष्णा
_c1991
300 _a52
600 _aचंदनशिवे शहाजीकुमार
630 _aबाजार माणसांचा
700 _aचंदनशिवे शहाजीकुमार
730 _aबाजार माणसांचा
942 _cBOOK
999 _c76625
_d76625